Teacher leadership and behaviour management
Bewaard in:
| Formaat: | Boek |
|---|---|
| Taal: | Engels |
| Gepubliceerd in: |
Paul Chapman Publishing
2002.
|
| Tags: |
Voeg label toe
Geen labels, Wees de eerste die dit record labelt!
|
MARC
| LEADER | 00000nam a22000007a 4500 | ||
|---|---|---|---|
| 008 | 211102b ||||| |||| 00| 0 eng d | ||
| 020 | |a 0761940200 | ||
| 245 | |a Teacher leadership and behaviour management |c edited by Bill Rogers. |g vi, 160 p. | ||
| 260 | |b Paul Chapman Publishing |c 2002. |d Book. |h London. |i 650509 |i 650510 |l LB3013.T22 |m Classroom management. |m Classroom management. | ||
| 500 | |a Includes bibliographical references and index. | ||
| 942 | |a lcc |c BK |e Olagoke, M.A. |f 02/11/2021 | ||
| 952 | |0 0 |1 0 |2 lcc |4 0 |7 0 |9 3811 |a HOL |b HOL |c LP |d 2021-11-02 |o LB3013.T22 |p 2021-67542 |r 2021-11-02 00:00:00 |t 650509 |w 2021-11-02 |y BK | ||
| 952 | |0 0 |1 0 |2 lcc |4 0 |7 0 |9 3812 |a HOL |b HOL |c LP |d 2021-11-02 |o LB3013.T22 |p 2021-67543 |r 2021-11-02 00:00:00 |t 650510 |w 2021-11-02 |y BK | ||
| 952 | |0 0 |1 0 |2 lcc |4 0 |6 LB3013 T22 |7 0 |9 3917 |a HOL |b HOL |c LP |d 2021-11-24 |l 0 |o LB3013.T22 |p 2021-67640 |r 2021-11-24 00:00:00 |w 2021-11-24 |y BK | ||
| 999 | |c 1905 |d 1905 | ||